Lý thuyết tài chính

Sách trình bày khái quát cơ sở lý luận về phạm trù tài chính - Tiền tệ trong nền kinh tế thị trường: Tài chính công, tài chính doanh nghiệp, các định chế tài chính trung gian, ngân hàng trung ương, thị trường tài chính......

Volledige beschrijving

Bewaard in:
Bibliografische gegevens
Hoofdauteur: Dương, Thị Bình Minh
Formaat: Boek
Taal:Undetermined
Gepubliceerd in: Hà Nội Giáo dục 1996
Onderwerpen:
Tags: Voeg label toe
Geen labels, Wees de eerste die dit record labelt!
Thư viện lưu trữ: Trung tâm Học liệu Trường Đại học Cần Thơ
LEADER 00865nam a2200205Ia 4500
001 CTU_23851
008 210402s9999 xx 000 0 und d
020 |c 25000 
082 |a 332.4 
082 |b M312 
100 |a Dương, Thị Bình Minh 
245 0 |a Lý thuyết tài chính 
245 0 |c Dương Thị Bình Minh 
260 |a Hà Nội 
260 |b Giáo dục 
260 |c 1996 
520 |a Sách trình bày khái quát cơ sở lý luận về phạm trù tài chính - Tiền tệ trong nền kinh tế thị trường: Tài chính công, tài chính doanh nghiệp, các định chế tài chính trung gian, ngân hàng trung ương, thị trường tài chính... 
650 |a Finance,Money 
904 |i Huỳnh Mai 
980 |a Trung tâm Học liệu Trường Đại học Cần Thơ